| 000 | 01239nam a2200325 a 4500 | ||
|---|---|---|---|
| 001 | 52055 | ||
| 003 | BD-RjUL | ||
| 005 | 20211209075740.0 | ||
| 008 | 160905s1906 nyu b 001 0 eng d | ||
| 035 | _a(BD-RjUL)52175 | ||
| 040 |
_aOQP _cOQP _dMPC _dBD-RjUL _beng |
||
| 041 | 1 |
_aeng _hger |
|
| 082 |
_223 _a335.412 _bMAC 1906 |
||
| 100 | 1 |
_aMarx, Karl, _d1818-1883. _9155682 |
|
| 245 | 1 | 0 |
_aCapital : _ba critique of political economy / _cby Karl Marx ; translated from the third German edition by Samuel Moore and Edward Aveling ; edited by Frederick Engels ; revised and amplified according to the fourth German edition by Ernest Untermann. |
| 260 |
_aNew York : _bModern Library, _cc1906. |
||
| 300 |
_a869 p. ; _c21 cm. |
||
| 490 | 1 | _aModern library of the world's best books | |
| 500 | _aTranslation of: Das Kapital. | ||
| 500 | _aIncludes index. | ||
| 504 | _aBibliography: p. 849-864. | ||
| 650 | 0 |
_aCapital. _9155683 |
|
| 650 | 0 |
_aEconomics. _9155684 |
|
| 700 | 1 |
_aAveling, Edward B., _d1849-1898. _9134545 |
|
| 700 | 1 |
_aEngels, Friedrich, _d1820-1895. _9140666 |
|
| 700 | 1 |
_aUntermann, Ernest. _9155685 |
|
| 700 | 1 |
_aMoore, Samuel. _9155686 |
|
| 830 | 0 |
_aModern library of the world's best books. _9155687 |
|
| 942 |
_2ddc _cBK |
||
| 999 |
_c52055 _d52055 |
||